[Event "Medellin Aristizabal Cup"]
[Site "Medellin"]
[Date "2022.07.09"]
[Round "2"]
[White "Ospina Castro, Santiago"]
[Black "Montoya Echeverri, Sebastian"]
[Result "1-0"]
[WhiteElo "2088"]
[BlackElo "1761"]
[PlyCount "59"]
[EventDate "2022.07.08"]
[EventType "swiss"]
[EventRounds "7"]
[EventCountry "COL"]
[SourceTitle "CBM 209 Extra"]
[Source "ChessBase"]
[SourceDate "2022.09.30"]
[SourceVersion "1"]
[SourceVersionDate "2022.09.30"]
[SourceQuality "1"]

1. Nf3 g6 2. c4 Bg7 3. d4 d6 4. Nc3 Nc6 5. d5 Nb8 6. e4 Nf6 7. Be2 0-0 8. 0-0 e6 9. Bg5 h6 10. Bh4 exd5 11. cxd5 Re8 12. Nd2 c6 13. Bg3 cxd5 14. exd5 Nbd7 15. Bb5 a6 16. Bxd7 Bxd7 17. Nc4 Bf8 18. Bxd6 Bg4 19. f3 Bxd6 20. Nxd6 Qxd6 21. fxg4 Rad8 22. Qd4 Nd7 23. Kh1 Qc5 24. Qf4 Qf8 25. Ne4 Re7 26. Rad1 Qg7 27. Qc7 Rb8 28. Nf6+ Nxf6 29. Qxb8+ Kh7 30. Qf4 1-0

[Event "COL-ch U20"]
[Site "Barranquilla"]
[Date "2022.07.06"]
[Round "1"]
[White "Ospina Castro, Santiago"]
[Black "Rivera Fernandez, Fredy Alejandro"]
[Result "0-1"]
[WhiteElo "2088"]
[BlackElo "1391"]
[PlyCount "82"]
[EventDate "2022.07.06"]
[EventType "swiss"]
[EventRounds "9"]
[EventCountry "COL"]
[SourceTitle "EXT 2023"]
[Source "ChessBase"]
[SourceDate "2022.10.05"]
[SourceVersion "1"]
[SourceVersionDate "2022.10.05"]
[SourceQuality "1"]

1. e4 c5 2. Nf3 e6 3. d4 cxd4 4. Nxd4 a6 5. Nc3 Qc7 6. Be2 Nf6 7. 0-0 Bc5 8. Be3 d6 9. Qd3 0-0 10. f4 Nbd7 11. Bf3 e5 12. fxe5 Nxe5 13. Qe2 b5 14. Nb3 Bxe3+ 15. Qxe3 Nc4 16. Qg5 Bb7 17. e5 h6 18. Qg3 Nh7 19. exd6 Qb6+ 20. Kh1 Bxf3 21. Rxf3 Ng5 22. Nd5 Qxd6 23. Qxd6 Nxd6 24. Rf2 Nde4 25. Re2 Rfd8 26. Nf4 Rd7 27. Kg1 Rad8 28. Nd3 f5 29. a4 bxa4 30. Rxa4 Rxd3 31. cxd3 Rxd3 32. h4 Rd1+ 33. Kh2 Ne6 34. Rxa6 Nf4 35. Rc2 Nf6 36. Nc5 Ng4+ 37. Kg3 Rf1 38. Ra1 Nh5+ 39. Kh3 Rxa1 40. g3 Rh1+ 41. Kg2 Rh2+ 0-1

[Event "Pereira Gildardo Garcia Memorial-A"]
[Site "Pereira"]
[Date "2022.05.22"]
[Round "9"]
[White "Ospina Castro, Santiago"]
[Black "Marin, Sebastian"]
[Result "1-0"]
[WhiteElo "2075"]
[BlackElo "2315"]
[PlyCount "51"]
[EventDate "2022.05.18"]
[EventType "swiss"]
[EventRounds "10"]
[EventCountry "COL"]
[SourceTitle "CBM 208 Extra"]
[Source "ChessBase"]
[SourceDate "2022.07.31"]
[SourceVersion "1"]
[SourceVersionDate "2022.07.31"]
[SourceQuality "1"]

1. e4 Nf6 2. e5 Nd5 3. c4 Nb6 4. d4 d6 5. exd6 cxd6 6. Nc3 g6 7. Be3 Bg7 8. Rc1 0-0 9. b3 Nc6 10. d5 Ne5 11. Be2 Re8 12. f4 Ned7 13. Nf3 Nf6 14. 0-0 e6 15. dxe6 Bxe6 16. Bd4 Nc8 17. Ng5 Bd7 18. Bf3 Bc6 19. f5 Ne7 20. fxg6 hxg6 21. Bd5 Nexd5 22. Nxd5 Bxd5 23. cxd5 Nxd5 24. Rxf7 Bxd4+ 25. Qxd4 Qb6 26. Rg7+ 1-0

[Event "Pereira Gildardo Garcia Memorial-A"]
[Site "Pereira"]
[Date "2022.05.20"]
[Round "6"]
[White "Rivera, Alberto"]
[Black "Ospina Castro, Santiago"]
[Result "1-0"]
[WhiteElo "2318"]
[BlackElo "2075"]
[PlyCount "128"]
[EventDate "2022.05.18"]
[EventType "swiss"]
[EventRounds "10"]
[EventCountry "COL"]
[SourceTitle "CBM 208 Extra"]
[Source "ChessBase"]
[SourceDate "2022.07.31"]
[SourceVersion "1"]
[SourceVersionDate "2022.07.31"]
[SourceQuality "1"]

1. e4 e6 2. d4 d5 3. Nc3 Nf6 4. e5 Nfd7 5. f4 c5 6. Nf3 Nc6 7. Be3 a6 8. Qd2 b5 9. dxc5 Bxc5 10. Qf2 Qb6 11. Bxc5 Nxc5 12. Bd3 b4 13. Ne2 a5 14. 0-0 Ba6 15. Rfd1 Na4 16. Qxb6 Nxb6 17. Kf2 Ke7 18. Ned4 Nxd4 19. Nxd4 Na4 20. Rab1 Rhc8 21. Re1 Nc5 22. Ke3 a4 23. b3 Nxd3 24. cxd3 Rc3 25. Red1 a3 26. Rbc1 Rac8 27. Rxc3 Rxc3 28. Rd2 Kd7 29. Ne2 Rc8 30. Kf2 h5 31. Ke3 g6 32. h4 Rc7 33. Kf2 Rc8 34. Ke1 Rc7 35. g3 Rc8 36. Kd1 Rc6 37. Ke1 Rc8 38. Kf2 Rc7 39. Ke3 Rc8 40. Kd4 Rc7 41. f5 gxf5 42. Nf4 Rc1 43. Nxh5 Kc6 44. Rh2 Rg1 45. Nf4 Rxg3 46. h5 Rg7 47. h6 Rh7 48. Rh5 Kd7 49. Kc5 Ke7 50. d4 f6 51. Kxb4 fxe5 52. dxe5 d4 53. Kxa3 Kf7 54. Kb2 Bb7 55. Kc2 Be4+ 56. Kd2 Rh8 57. h7 Kg7 58. Nxe6+ Kg6 59. Nf4+ Kg7 60. Rh3 Rxh7 61. Rxh7+ Kxh7 62. Ne6 Kg8 63. Nxd4 Kf7 64. Ke3 Ke7 1-0

[Event "Pereira Gildardo Garcia Memorial-A"]
[Site "Pereira"]
[Date "2022.05.19"]
[Round "3"]
[White "Ospina Castro, Santiago"]
[Black "Estrada Quintanilla, Juan David"]
[Result "1-0"]
[WhiteElo "2075"]
[BlackElo "1543"]
[PlyCount "57"]
[EventDate "2022.05.18"]
[EventType "swiss"]
[EventRounds "10"]
[EventCountry "COL"]
[SourceTitle "CBM 208 Extra"]
[Source "ChessBase"]
[SourceDate "2022.07.31"]
[SourceVersion "1"]
[SourceVersionDate "2022.07.31"]
[SourceQuality "1"]

1. e4 c5 2. Nf3 d6 3. d4 cxd4 4. Nxd4 Nf6 5. Nc3 Nc6 6. Be2 g6 7. Be3 e6 8. Qd2 Bg7 9. 0-0-0 0-0 10. Nxc6 bxc6 11. Qxd6 Qxd6 12. Rxd6 Bb7 13. Rhd1 a5 14. f3 a4 15. a3 Rfc8 16. Bb6 Bf8 17. Rd8 Kg7 18. Rxc8 Bxc8 19. Rd4 Nd7 20. Bc7 Nc5 21. Bd6 Bxd6 22. Rxd6 Bb7 23. Na2 Kf8 24. Nb4 Rc8 25. Nd3 Nxd3+ 26. Bxd3 Ke7 27. Rd4 Ra8 28. e5 h5 29. h4 1-0

[Event "Pereira Gildardo Garcia Memorial-A"]
[Site "Pereira"]
[Date "2022.05.18"]
[Round "1"]
[White "Ospina Castro, Santiago"]
[Black "Cuervo Velasquez, Juan Manuel"]
[Result "0-1"]
[WhiteElo "2075"]
[BlackElo "1532"]
[PlyCount "56"]
[EventDate "2022.05.18"]
[EventType "swiss"]
[EventRounds "10"]
[EventCountry "COL"]
[SourceTitle "CBM 208 Extra"]
[Source "ChessBase"]
[SourceDate "2022.07.31"]
[SourceVersion "1"]
[SourceVersionDate "2022.07.31"]
[SourceQuality "1"]

1. e4 c5 2. Nf3 d6 3. d4 cxd4 4. Nxd4 Nf6 5. Nc3 a6 6. Be2 e5 7. Nb3 Be6 8. 0-0 Nbd7 9. f4 exf4 10. Bxf4 Ne5 11. Qe1 Be7 12. Rd1 Qc7 13. Qg3 0-0 14. Kh1 b5 15. Nd4 b4 16. Nd5 Nxd5 17. exd5 Bd7 18. Nc6 Bxc6 19. dxc6 Qxc6 20. Bh6 Ng6 21. Bf3 Qxc2 22. Bxa8 Rxa8 23. Bg5 Bxg5 24. Qxg5 Qxb2 25. Qd5 Rf8 26. Rxf7 Rxf7 27. Rf1 Nf4 28. Qf3 Qxg2+ 0-1

[Event "Medellin Easter op 10th"]
[Site "Medellin"]
[Date "2022.04.17"]
[Round "8"]
[White "Palencia Morales, Wilson Guillermo"]
[Black "Ospina Castro, Santiago"]
[Result "1/2-1/2"]
[WhiteElo "2317"]
[BlackElo "2043"]
[PlyCount "118"]
[EventDate "2022.04.13"]
[EventType "swiss"]
[EventRounds "8"]
[EventCountry "COL"]
[SourceTitle "CBM 207 Extra"]
[Source "ChessBase"]
[SourceDate "2022.05.31"]
[SourceVersion "1"]
[SourceVersionDate "2022.05.31"]
[SourceQuality "1"]

1. e4 e6 2. d4 d5 3. Nc3 Nf6 4. Bg5 dxe4 5. Nxe4 Be7 6. Bxf6 gxf6 7. c3 f5 8. Nd2 c5 9. Ngf3 Nc6 10. Bb5 Bd7 11. Nb3 cxd4 12. Nbxd4 Nxd4 13. Qxd4 Rg8 14. Bxd7+ Qxd7 15. Qxd7+ Kxd7 16. g3 Bf6 17. 0-0-0+ Kc7 18. Rd3 Rad8 19. Rhd1 Rxd3 20. Rxd3 h5 21. Kc2 h4 22. Kd1 hxg3 23. hxg3 Rg4 24. Nh2 Rg8 25. Ke2 Kc6 26. Nf3 Rg4 27. Nd2 Ra4 28. a3 Rg4 29. b3 b5 30. c4 a6 31. cxb5+ axb5 32. Nf1 Bb2 33. Ne3 Rg8 34. a4 bxa4 35. bxa4 Ra8 36. Nc4 Bf6 37. a5 Ra7 38. Rd2 Kb5 39. Nd6+ Kc6 40. Nc4 Kb5 41. Rc2 Kb4 42. Nd6 Be5 43. Rc4+ Kb3 44. Rc6 Bxd6 45. Rxd6 Rxa5 46. Rd7 f6 47. Rf7 Kc4 48. Rxf6 Kd5 49. Kf3 Ke5 50. Rf8 Ra3+ 51. Kg2 Ra2 52. Rb8 Kf6 53. Rb4 e5 54. Rb6+ Kg5 55. Re6 e4 56. Re8 Rb2 57. Re7 Ra2 58. Re6 Rb2 59. Re8 Ra2 1/2-1/2

[Event "Medellin Easter op 10th"]
[Site "Medellin"]
[Date "2022.04.16"]
[Round "6"]
[White "Care Garcia, Jose Joaquin"]
[Black "Ospina Castro, Santiago"]
[Result "0-1"]
[WhiteElo "1779"]
[BlackElo "2043"]
[PlyCount "110"]
[EventDate "2022.04.13"]
[EventType "swiss"]
[EventRounds "8"]
[EventCountry "COL"]
[SourceTitle "CBM 207 Extra"]
[Source "ChessBase"]
[SourceDate "2022.05.31"]
[SourceVersion "1"]
[SourceVersionDate "2022.05.31"]
[SourceQuality "1"]

1. e4 e6 2. d4 d5 3. exd5 exd5 4. Nf3 Bd6 5. Bd3 Nc6 6. 0-0 Nge7 7. Re1 Bg4 8. c3 Qd7 9. Nbd2 f6 10. b4 0-0 11. Qc2 Bf5 12. Nb3 b6 13. Bd2 Bxd3 14. Qxd3 a5 15. a3 a4 16. Nc1 Nd8 17. Ne2 Ne6 18. Nh4 f5 19. f4 Ng6 20. Nxg6 hxg6 21. h4 c6 22. g3 Nc7 23. Kf2 Ne8 24. Ng1 Nf6 25. Nf3 Ne4+ 26. Kg2 Rac8 27. Rac1 Qf7 28. Ng5 Qb7 29. Rh1 Be7 30. Nxe4 fxe4 31. Qe2 Bd6 32. h5 g5 33. Qg4 Qe7 34. fxg5 e3 35. Be1 Rce8 36. g6 Qf6 37. Rc2 Re4 38. Qe2 Qg5 39. Rf1 Ree8 40. Rh1 Bxg3 41. Bxg3 Rf2+ 42. Qxf2 exf2 43. Rxf2 Re3 44. Rh3 Rxc3 45. Kh2 Rxa3 46. Re2 Re3 47. Rf2 a3 48. h6 gxh6 49. g7 Qxg7 50. Rg2 Kh7 51. Be5 Rxh3+ 52. Kxh3 Qxg2+ 53. Kxg2 a2 54. b5 a1Q 55. bxc6 Qb2+ 0-1

[Event "Medellin Easter op 10th"]
[Site "Medellin"]
[Date "2022.04.15"]
[Round "5"]
[White "Soto, Miguel Angel"]
[Black "Ospina Castro, Santiago"]
[Result "1-0"]
[WhiteElo "2367"]
[BlackElo "2043"]
[PlyCount "61"]
[EventDate "2022.04.13"]
[EventType "swiss"]
[EventRounds "8"]
[EventCountry "COL"]
[SourceTitle "CBM 207 Extra"]
[Source "ChessBase"]
[SourceDate "2022.05.31"]
[SourceVersion "1"]
[SourceVersionDate "2022.05.31"]
[SourceQuality "1"]

1. d4 d5 2. c4 e6 3. Nc3 Nf6 4. Nf3 Be7 5. Bf4 0-0 6. e3 Nbd7 7. Qc2 c6 8. h3 b6 9. cxd5 exd5 10. Be2 Bb7 11. 0-0 c5 12. Rfd1 c4 13. b3 Ba6 14. bxc4 Rc8 15. cxd5 Rxc3 16. Qxc3 Bxe2 17. d6 Bxd1 18. dxe7 Qxe7 19. Rxd1 Nd5 20. Qc6 Nxf4 21. exf4 Nf6 22. d5 Qe2 23. Rd2 Qe4 24. Rd4 Qb1+ 25. Kh2 Qxa2 26. d6 Qe6 27. Ne5 Rd8 28. Qc7 Rc8 29. Qxa7 g5 30. d7 Rd8 31. Qc7 1-0